Fundamentals of database systems / (Record no. 12867)

000 -LEADER
fixed length control field 00519nam a22001817a 4500
008 - FIXED-LENGTH DATA ELEMENTS--GENERAL INFORMATION
fixed length control field 210614b ||||| |||| 00| 0 eng d
020 ## - INTERNATIONAL STANDARD BOOK NUMBER
International Standard Book Number 0-8053-1753-8
041 0# - LANGUAGE CODE
Language code of text/sound track or separate title eng
082 00 - DEWEY DECIMAL CLASSIFICATION NUMBER
Classification number 005.74
Item number E482
100 ## - MAIN ENTRY--PERSONAL NAME
9 (RLIN) 5052
Personal name Elmari, Ramez
245 10 - TITLE STATEMENT
Title Fundamentals of database systems /
250 ## - EDITION STATEMENT
Edition statement 2nd ed.
260 ## - PUBLICATION, DISTRIBUTION, ETC. (IMPRINT)
Place of publication, distribution, etc New-York :
Name of publisher, distributor, etc The Benjamin,
Date of publication, distribution, etc c1994.
300 ## - PHYSICAL DESCRIPTION
Extent xxii, 873 p.
650 #0 - SUBJECT ADDED ENTRY--TOPICAL TERM
Topical term or geographic name as entry element Database Management
700 ## - ADDED ENTRY--PERSONAL NAME
9 (RLIN) 5053
Personal name Navathe, Shamkant B.
942 ## - ADDED ENTRY ELEMENTS (KOHA)
Item type Books
Holdings
Withdrawn status Lost status Source of classification or shelving scheme Damaged status Not for loan Permanent location Current location Date acquired Full call number Barcode Date last seen Koha item type
          IMU Kolkata IMU Kolkata 2021-06-14 005.74 E482 08797 2021-06-14 Books
Designed and Maintained by IMU-KC Library, Kolkata Campus © Copyright All Rights Reserved

webs counters

Powered by Koha